000
00208nam a2200097Ia 4500
008
220204s9999 xx 000 0 und d
082
_b
FAO
245
0
_a
Crop farming
260
_a
Rome
_b
FAO
_c
1976
942
_c
BK
999
_c
40999
_d
40999